000 00643nam a2200277Ia 4500
005 20260324134153.0
008 008 260324s9999 xx 000 0 eng d
020 _a9780203994108
037 _aEBOOK
040 _aCRL
040 _beng
040 _cCRL
041 _2eng
041 _aeng
084 _qCRL
100 _aBrian Doherty
_91195838
245 0 _aIdeas and Actions in the Green Movement
260 _bTaylor and Francis
260 _c2002
365 _a
365 _b65.99
856 _uhttp://www.taylorfrancis.com/books/9780203994108
942 _cEBOOK
999 _c1795612
_d1795612